Počítačová gramotnosť - učitelia verzus žiaci

Gespeichert in:
Bibliographische Detailangaben
1. Verfasser: Záležáková, Eliška
Format: Buchkapitel
Sprache:Slowakisch
Tags: Tag hinzufügen
Keine Tags, Fügen Sie das erste Tag hinzu!

MARC

LEADER 00000naa a2200000 4500
001 0178868
005 20240502073034.8
041 0 |a slo 
044 |a SK 
245 1 0 |a Počítačová gramotnosť - učitelia verzus žiaci  |c Eliška Záležáková 
100 1 |a Záležáková, Eliška